Представление документа в формате RUSMARC

ПолеНазваниеЗначение
  Тип записи a
  Библиографический уровень m
001 Контрольный номер RU/УГОНБ/EK/83516
005 Дата корректировки 20260427121614.1
010 Индекс ISBN __
a ISBN 5-89321-051-4
d Цена 96 р. 60 к.
9 Тираж 3000 экз.
b Уточнения в пер.
100 Данные общей обработки __
a Данные общей обработки 20021017d2000 u u0rusy0189 ca
101 Язык документа 0_
a Язык текста rus
102 Страна публикации __
a Страна публикации RU
105 Кодированные данные (монография) __
a Кодированные данные (монография) a z 001yy
200 Заглавие и сведения об ответственности 1_
a Заглавие Герои Греции в войне и мире
f Первые сведения об ответственности Г. В. Штолль
e Сведения, относящиеся к заглавию история Греции в биографиях
210 Выходные данные 1_
a Место издания Москва
c Издательство Алетейа
d Дата издания 2000
215 Физическое описание __
a Объем 452, [1] с.
d Формат 20 см
c Иллюстрации/тип воспроизводства ил., портр.
320 Библиография __
a Библиография Указ.: с. 437-451
607 Географические рубрики __
a Географическое наименование Греция Древняя
x Тематический подзаголовок История
j Формальный подзаголовок Биографии
610 Ключевые слова 0_
a Ключевые слова Греция Древняя
610 Ключевые слова 0_
a Ключевые слова Солон
610 Ключевые слова 0_
a Ключевые слова Демосфен
610 Ключевые слова 0_
a Ключевые слова Перикл
610 Ключевые слова 0_
a Ключевые слова Александр Македонский
610 Ключевые слова 0_
a Ключевые слова Ликург
686 Индексы других классификаций __
a Классификационный индекс 63.3(0)321-8
2 Код системы rubbk
700 Автор _1
a Фамилия Штолль
b Имя (инициалы) Г. В.
g Полное личное имя Генрих Вильгельм
f Даты 1819-1890
801 Источник записи _0
a Страна RU
b Организация Ульяновская ОНБ
c Дата составления 20021017
g Правила каталогизации RCR
801 Источник записи _1
a Страна RU
b Организация Ульяновская ОНБ
c Дата составления 20021017
g Правила каталогизации RCR
901 Тип документа __
t Тип документа m
910 Корректоры записи __
a Корректор записи Горбункова
b Дата внесения изменения в запись 20260427